000 00716nam a2200229 a 4500
001 BRCA_3967
005 20190320204509.0
008 140110s1931----gw-a######---#000-0#ger-#
041 _ager
044 _agw
050 4 _aZ5939
_b.K38 1931
245 1 0 _aKatalog der Staatsgalerie zu Stuttgart
_cBearbeitet im auftrag der direktion von Konservator Klaus Graf von Baudissin.
260 _aStuttgart
_bAmtliche Ausgabe
_c1931
300 _axxxiv, 228 p.
_bil., 96 láminas
_c17 cm.
500 _aCDE40
650 1 4 _aGalerías y museos
_zAlemania
_95059
650 1 4 _aArte
_vBibliografía
_910319
650 1 4 _aArte
_vCatálogos
_94925
700 1 _aBaudissin, Klaus Graf von
_910320
902 _aGFM
942 _2lcc
_cB
999 _c3694
_d3694